000 00444cam a22001457a 4500
008 180718b2005 xxu||||| |||| 00| 0 eng d
082 _aA81x54 01/30PCA
100 _aCensus of India 2001
245 _aKarnataka: primary census abstract
260 _aDelhi
_bThe Controller of Publications
_c2005
300 _a591p.
440 _aCensus of India 2001. Series-30, Karnataka
500 _aContents: Tables A5-A9
650 _aKarnataka - Census
999 _c485163
_d485163